Nová éra civilizácie - výzva na zmenu podnikania, organizácií a manažmentu

Budúcnosť podnikania. Nové poňatie organizácie. Manažment zmien organizácie. Lídri organizácií.

Guardado en:
Detalles Bibliográficos
Autor principal: Sedlák, Mikuláš
Formato: Capítulo de libro
Lenguaje:eslovaco
Materias:
Etiquetas: Agregar Etiqueta
Sin Etiquetas, Sea el primero en etiquetar este registro!

MARC

LEADER 00000naa a2200000 4500
001 0150143
005 20220718123411.5
041 0 |a slo 
044 |a SK 
245 1 0 |a Nová éra civilizácie - výzva na zmenu podnikania, organizácií a manažmentu  |c Mikuláš Sedlák 
520 |a Budúcnosť podnikania. Nové poňatie organizácie. Manažment zmien organizácie. Lídri organizácií. 
610 2 0 |a riadenie zmien 
610 2 0 |a podnikanie 
610 2 0 |a manažment 
610 2 0 |a civilizácia 
610 2 0 |a vedomosti 
610 2 0 |a stratégia podnikateľská 
610 2 0 |a lídri 
100 1 |a Sedlák, Mikuláš